[Event "Portugal Open Semirrapidas"]
[Site "Lisboa POR"]
[Date "2020.02.02"]
[Round "6.18"]
[White "SANTOS, Jose Guilherme"]
[Black "BABA, Masahiro"]
[Result "1/2-1/2"]
[BlackElo "2274"]
[WhiteElo "2135"]
[LiveChessVersion "1.4.8"]

1. e4 {[%clk 0:15:05]} c5 {[%clk 0:15:09]} 2. Nf3 {[%clk 0:15:04]} d6
{[%clk 0:15:13]} 3. d4 {[%clk 0:15:08]} cxd4 {[%clk 0:15:17]} 4. Nxd4
{[%clk 0:15:12]} Nf6 {[%clk 0:15:20]} 5. Nc3 {[%clk 0:15:15]} a6 {[%clk 0:15:17]}
6. h3 {[%clk 0:15:18]} e6 {[%clk 0:15:13]} 7. g4 {[%clk 0:15:22]} Nfd7
{[%clk 0:15:11]} 8. Bg2 {[%clk 0:15:25]} b5 {[%clk 0:14:59]} 9. Be3
{[%clk 0:13:45]} Bb7 {[%clk 0:15:02]} 10. a3 {[%clk 0:13:49]} Nb6
{[%clk 0:14:41]} 11. b3 {[%clk 0:13:47]} N8d7 {[%clk 0:14:16]} 12. O-O
{[%clk 0:13:42]} Rc8 {[%clk 0:14:17]} 13. Qd2 {[%clk 0:13:35]} Qc7
{[%clk 0:13:08]} 14. Ncxb5 {[%clk 0:11:00]} axb5 {[%clk 0:13:12]} 15. Nxb5
{[%clk 0:11:03]} Qxc2 {[%clk 0:12:50]} 16. Nxd6+ {[%clk 0:11:03]} Bxd6
{[%clk 0:12:54]} 17. Qxd6 {[%clk 0:11:06]} Qc7 {[%clk 0:10:20]} 18. Qb4
{[%clk 0:10:15]} Qc3 {[%clk 0:09:59]} 19. Qxc3 {[%clk 0:10:06]} Rxc3
{[%clk 0:10:03]} 20. Rfc1 {[%clk 0:09:03]} Rxb3 {[%clk 0:08:59]} 21. Rab1
{[%clk 0:09:07]} Rxb1 {[%clk 0:08:03]} 22. Rxb1 {[%clk 0:09:10]} Nc4
{[%clk 0:08:07]} 23. Rxb7 {[%clk 0:09:06]} Nxe3 {[%clk 0:08:10]} 24. fxe3
{[%clk 0:09:07]} Ke7 {[%clk 0:07:31]} 25. Bf1 {[%clk 0:07:44]} Kd6
{[%clk 0:07:23]} 26. Bb5 {[%clk 0:07:21]} Ne5 {[%clk 0:07:01]} 27. a4
{[%clk 0:07:25]} Rc8 {[%clk 0:05:28]} 28. Kf2 {[%clk 0:04:44]} Rc2+
{[%clk 0:05:16]} 29. Kg3 {[%clk 0:04:25]} Ra2 {[%clk 0:04:35]} 30. Be8
{[%clk 0:03:38]} g5 {[%clk 0:03:19]} 31. h4 {[%clk 0:01:52]} h6 {[%clk 0:03:10]}
32. hxg5 {[%clk 0:01:57]} hxg5 {[%clk 0:03:14]} 33. Ra7 {[%clk 0:02:01]} Ra3
{[%clk 0:03:07]} 34. Bxf7 {[%clk 0:01:18]} Rxe3+ {[%clk 0:02:51]} 35. Kg2
{[%clk 0:01:09]} Rxe4 {[%clk 0:02:38]} 36. Ra6+ {[%clk 0:01:05]} Ke7
{[%clk 0:01:41]} 37. Bxe6 {[%clk 0:00:59]} Nxg4 {[%clk 0:01:45]} 38. Bg8
{[%clk 0:00:20]} Nf6 {[%clk 0:01:42]} 39. Bb3 {[%clk 0:00:11]} Re3
{[%clk 0:01:36]} 40. Rb6 {[%clk 0:00:12]} Nd7 {[%clk 0:01:17]} 41. Rb5
{[%clk 0:00:12]} Kd6 {[%clk 0:01:12]} 42. a5 {[%clk 0:00:11]} Nc5
{[%clk 0:01:09]} 43. Bd1 {[%clk 0:00:08]} Ra3 {[%clk 0:00:52]} 44. Bf3
{[%clk 0:00:10]} Nb3 {[%clk 0:00:30]} 45. Rd5+ {[%clk 0:00:09]} Ke6
{[%clk 0:00:28]} 46. Rxg5 {[%clk 0:00:12]} Nxa5 {[%clk 0:00:32]} 47. Bg4+
{[%clk 0:00:13]} Kd6 {[%clk 0:00:32]} 1/2-1/2

[Event "Portugal Open Semirrapidas"]
[Site "Lisboa POR"]
[Date "2020.02.02"]
[Round "6.19"]
[White "FIDALGO, Daniel Neves"]
[Black "SARKAR, Justin"]
[Result "0-1"]
[BlackElo "2240"]
[WhiteElo "2109"]
[LiveChessVersion "1.4.8"]

1. c4 {[%clk 0:15:09]} e5 {[%clk 0:12:48]} 2. g3 {[%clk 0:15:08]} Nf6
{[%clk 0:12:31]} 3. Bg2 {[%clk 0:15:10]} d6 {[%clk 0:12:15]} 4. Nc3
{[%clk 0:15:08]} g6 {[%clk 0:12:16]} 5. Nf3 {[%clk 0:15:06]} Bg7 {[%clk 0:12:18]}
6. O-O {[%clk 0:15:08]} O-O {[%clk 0:12:17]} 7. d4 {[%clk 0:15:11]} Nbd7
{[%clk 0:11:44]} 8. e4 {[%clk 0:15:03]} a6 {[%clk 0:11:47]} 9. Re1
{[%clk 0:14:52]} exd4 {[%clk 0:10:40]} 10. Nxd4 {[%clk 0:14:54]} Ne5
{[%clk 0:10:43]} 11. b3 {[%clk 0:14:27]} c5 {[%clk 0:10:30]} 12. Nc2
{[%clk 0:14:18]} b5 {[%clk 0:09:52]} 13. f4 {[%clk 0:14:09]} Bg4 {[%clk 0:09:39]}
14. fxe5 {[%clk 0:08:08]} Bxd1 {[%clk 0:09:38]} 15. exf6 {[%clk 0:08:11]} Bxc2
{[%clk 0:08:42]} 16. fxg7 {[%clk 0:08:08]} Kxg7 {[%clk 0:08:33]} 17. Nd5
{[%clk 0:08:11]} f6 {[%clk 0:07:03]} 18. Bb2 {[%clk 0:08:04]} Bd3
{[%clk 0:04:58]} 19. Nf4 {[%clk 0:07:58]} Bxc4 {[%clk 0:03:49]} 20. bxc4
{[%clk 0:08:01]} Qe8 {[%clk 0:03:52]} 21. Bh3 {[%clk 0:07:46]} Rf7
{[%clk 0:03:34]} 22. Be6 {[%clk 0:07:00]} Re7 {[%clk 0:03:26]} 23. Bd5
{[%clk 0:06:44]} Rb8 {[%clk 0:03:24]} 24. Nh5+ {[%clk 0:06:46]} gxh5
{[%clk 0:03:13]} 25. Rf1 {[%clk 0:06:49]} Re5 {[%clk 0:03:10]} 26. Bxe5
{[%clk 0:06:36]} Qxe5 {[%clk 0:03:09]} 27. Rad1 {[%clk 0:06:40]} bxc4
{[%clk 0:02:59]} 28. Rf5 {[%clk 0:06:43]} Qc3 {[%clk 0:03:00]} 29. Rdf1
{[%clk 0:06:26]} Rb2 {[%clk 0:02:35]} 30. R5f3 {[%clk 0:05:46]} Qd4+
{[%clk 0:02:29]} 31. Kh1 {[%clk 0:05:49]} c3 {[%clk 0:02:18]} 32. g4
{[%clk 0:05:41]} Qd2 {[%clk 0:02:14]} 0-1

[Event "Portugal Open Semirrapidas"]
[Site "Lisboa POR"]
[Date "2020.02.02"]
[Round "6.20"]
[White "EGGERT, Alberto"]
[Black "MARTINS, Bruno"]
[Result "0-1"]
[BlackElo "2235"]
[WhiteElo "2092"]
[LiveChessVersion "1.4.8"]

1. c4 {[%clk 0:15:09]} Nf6 {[%clk 0:15:07]} 2. Nf3 {[%clk 0:15:12]} g6
{[%clk 0:15:09]} 3. b3 {[%clk 0:15:16]} Bg7 {[%clk 0:15:12]} 4. Bb2
{[%clk 0:15:20]} O-O {[%clk 0:15:14]} 5. g3 {[%clk 0:15:23]} c5 {[%clk 0:14:38]}
6. d4 {[%clk 0:15:26]} cxd4 {[%clk 0:14:16]} 7. Nxd4 {[%clk 0:15:30]} d5
{[%clk 0:12:38]} 8. cxd5 {[%clk 0:15:31]} Qxd5 {[%clk 0:12:41]} 9. Nf3
{[%clk 0:14:26]} Qxd1+ {[%clk 0:12:34]} 10. Kxd1 {[%clk 0:14:30]} Nc6
{[%clk 0:12:09]} 11. Bg2 {[%clk 0:14:04]} Ne4 {[%clk 0:08:40]} 12. Bxg7
{[%clk 0:14:03]} Kxg7 {[%clk 0:08:45]} 13. Ke1 {[%clk 0:12:58]} Nb4
{[%clk 0:08:48]} 14. Nd4 {[%clk 0:11:55]} Rd8 {[%clk 0:07:54]} 15. Bxe4
{[%clk 0:11:36]} Rxd4 {[%clk 0:07:46]} 16. Nc3 {[%clk 0:11:29]} f5
{[%clk 0:05:20]} 17. Bb1 {[%clk 0:11:13]} Be6 {[%clk 0:04:38]} 18. a3
{[%clk 0:09:34]} Rc8 {[%clk 0:03:48]} 19. axb4 {[%clk 0:07:28]} Rxc3
{[%clk 0:03:51]} 20. Bd3 {[%clk 0:07:21]} Rxb4 {[%clk 0:02:32]} 21. Kd2
{[%clk 0:07:14]} Rcxb3 {[%clk 0:02:35]} 22. Rxa7 {[%clk 0:07:16]} Rb2+
{[%clk 0:02:17]} 23. Ke3 {[%clk 0:06:22]} Bd5 {[%clk 0:02:17]} 24. Rc1
{[%clk 0:06:16]} e5 {[%clk 0:02:09]} 25. Rc5 {[%clk 0:06:15]} f4+
{[%clk 0:02:07]} 0-1

[Event "Portugal Open Semirrapidas"]
[Site "Lisboa POR"]
[Date "2020.02.02"]
[Round "6.21"]
[White "RIBEIRO, Bruno"]
[Black "VASLI, Aref"]
[Result "1-0"]
[BlackElo "2202"]
[WhiteElo "2056"]
[LiveChessVersion "1.4.8"]

1. e4 {[%clk 0:15:08]} e5 {[%clk 0:15:09]} 2. Nf3 {[%clk 0:15:03]} Nc6
{[%clk 0:15:13]} 3. Bb5 {[%clk 0:15:06]} a6 {[%clk 0:15:16]} 4. Ba4
{[%clk 0:15:08]} Nf6 {[%clk 0:15:19]} 5. d4 {[%clk 0:15:09]} exd4
{[%clk 0:15:09]} 6. O-O {[%clk 0:15:08]} Be7 {[%clk 0:14:16]} 7. e5
{[%clk 0:15:05]} Nd5 {[%clk 0:12:43]} 8. Nxd4 {[%clk 0:11:59]} Nb6
{[%clk 0:12:39]} 9. Bb3 {[%clk 0:11:19]} O-O {[%clk 0:11:29]} 10. Nxc6
{[%clk 0:11:05]} dxc6 {[%clk 0:11:32]} 11. Qe2 {[%clk 0:10:51]} a5
{[%clk 0:10:39]} 12. a4 {[%clk 0:10:31]} Be6 {[%clk 0:10:17]} 13. Bxe6
{[%clk 0:10:09]} fxe6 {[%clk 0:10:21]} 14. Nc3 {[%clk 0:09:18]} Qd4
{[%clk 0:09:08]} 15. Rd1 {[%clk 0:08:40]} Qh4 {[%clk 0:09:00]} 16. Be3
{[%clk 0:08:32]} Nd5 {[%clk 0:08:52]} 17. Rd4 {[%clk 0:07:47]} Nf4
{[%clk 0:07:19]} 18. Bxf4 {[%clk 0:07:47]} Rxf4 {[%clk 0:06:42]} 19. g3
{[%clk 0:07:49]} Rxd4 {[%clk 0:06:46]} 20. gxh4 {[%clk 0:07:50]} Rf8
{[%clk 0:06:33]} 21. Ne4 {[%clk 0:06:46]} Rd5 {[%clk 0:05:18]} 22. Ng5
{[%clk 0:06:00]} Rf5 {[%clk 0:04:16]} 23. Qh5 {[%clk 0:05:39]} h6
{[%clk 0:03:57]} 24. Qe8+ {[%clk 0:05:37]} 1-0

[Event "Portugal Open Semirrapidas"]
[Site "Lisboa POR"]
[Date "2020.02.02"]
[Round "6.22"]
[White "HULSHOF, Peter"]
[Black "MONTEIRO, Paulo"]
[Result "0-1"]
[BlackElo "1849"]
[WhiteElo "2190"]
[LiveChessVersion "1.4.8"]

1. e4 {[%clk 0:15:07]} c5 {[%clk 0:15:09]} 2. Nc3 {[%clk 0:15:11]} e6
{[%clk 0:15:12]} 3. g3 {[%clk 0:15:13]} Nc6 {[%clk 0:15:15]} 4. Bg2
{[%clk 0:15:16]} g6 {[%clk 0:15:18]} 5. d3 {[%clk 0:15:20]} Bg7 {[%clk 0:15:19]}
6. f4 {[%clk 0:15:22]} d6 {[%clk 0:15:18]} 7. Nf3 {[%clk 0:15:25]} Nge7
{[%clk 0:15:21]} 8. O-O {[%clk 0:15:28]} O-O {[%clk 0:15:22]} 9. Be3
{[%clk 0:15:31]} Nd4 {[%clk 0:15:16]} 10. e5 {[%clk 0:15:32]} Nec6
{[%clk 0:14:43]} 11. Ne4 {[%clk 0:15:18]} dxe5 {[%clk 0:14:21]} 12. Nxe5
{[%clk 0:14:59]} Nxe5 {[%clk 0:13:16]} 13. fxe5 {[%clk 0:15:02]} Bxe5
{[%clk 0:13:16]} 14. c3 {[%clk 0:15:05]} Nf5 {[%clk 0:13:05]} 15. Bxc5
{[%clk 0:15:07]} Re8 {[%clk 0:12:21]} 16. d4 {[%clk 0:14:11]} Bg7
{[%clk 0:12:07]} 17. Qf3 {[%clk 0:14:12]} b6 {[%clk 0:11:03]} 18. Ba3
{[%clk 0:13:54]} Bb7 {[%clk 0:10:26]} 19. Nf6+ {[%clk 0:11:09]} Qxf6
{[%clk 0:10:23]} 20. Qxb7 {[%clk 0:11:12]} Qg5 {[%clk 0:09:28]} 21. Rae1
{[%clk 0:09:55]} h5 {[%clk 0:09:10]} 22. Qf3 {[%clk 0:07:17]} Rad8
{[%clk 0:08:01]} 23. b3 {[%clk 0:06:54]} b5 {[%clk 0:05:40]} 24. Bc1
{[%clk 0:06:52]} Qf6 {[%clk 0:05:25]} 25. b4 {[%clk 0:05:40]} Rc8
{[%clk 0:05:08]} 26. Bd2 {[%clk 0:05:30]} Qd8 {[%clk 0:04:15]} 27. h3
{[%clk 0:05:06]} Qd7 {[%clk 0:03:31]} 28. Bf4 {[%clk 0:04:14]} Rxc3
{[%clk 0:02:56]} 29. Qxc3 {[%clk 0:02:44]} Bxd4+ {[%clk 0:02:59]} 30. Qxd4
{[%clk 0:02:48]} Qxd4+ {[%clk 0:03:01]} 31. Kh2 {[%clk 0:02:53]} Rd8
{[%clk 0:02:54]} 32. Rd1 {[%clk 0:02:37]} Qxd1 {[%clk 0:02:48]} 33. Rxd1
{[%clk 0:02:41]} Rxd1 {[%clk 0:02:52]} 34. Bc6 {[%clk 0:02:46]} Ra1
{[%clk 0:02:38]} 35. Bxb5 {[%clk 0:02:47]} Rxa2+ {[%clk 0:02:42]} 36. Kg1
{[%clk 0:02:49]} Rb2 {[%clk 0:02:44]} 37. g4 {[%clk 0:02:43]} hxg4
{[%clk 0:02:41]} 38. hxg4 {[%clk 0:02:47]} Rxb4 {[%clk 0:02:44]} 39. gxf5
{[%clk 0:02:42]} gxf5 {[%clk 0:02:42]} 0-1

[Event "Portugal Open Semirrapidas"]
[Site "Lisboa POR"]
[Date "2020.02.02"]
[Round "6.23"]
[White "DUQUE, Raquel"]
[Black "CHKHAIDZE, Nikoloz"]
[Result "0-1"]
[BlackElo "2178"]
[WhiteElo "1540"]
[LiveChessVersion "1.4.8"]

1. c4 {[%clk 0:15:07]} g6 {[%clk 0:15:09]} 2. Nc3 {[%clk 0:15:11]} Bg7
{[%clk 0:15:13]} 3. g3 {[%clk 0:15:14]} c5 {[%clk 0:15:16]} 4. Bg2
{[%clk 0:15:18]} Nc6 {[%clk 0:15:20]} 5. Nf3 {[%clk 0:15:20]} d6 {[%clk 0:15:24]}
6. O-O {[%clk 0:15:23]} Bd7 {[%clk 0:15:28]} 7. Rb1 {[%clk 0:15:22]} Qc8
{[%clk 0:15:30]} 8. Re1 {[%clk 0:15:23]} Bh3 {[%clk 0:15:33]} 9. Bh1
{[%clk 0:15:27]} h5 {[%clk 0:15:37]} 10. d3 {[%clk 0:15:33]} h4 {[%clk 0:15:44]}
11. Ne4 {[%clk 0:15:16]} hxg3 {[%clk 0:15:45]} 12. hxg3 {[%clk 0:14:37]} Qg4
{[%clk 0:15:34]} 13. e3 {[%clk 0:13:48]} Nf6 {[%clk 0:15:28]} 14. Nxf6+
{[%clk 0:13:29]} Bxf6 {[%clk 0:15:31]} 15. Nh2 {[%clk 0:13:11]} Qd7
{[%clk 0:14:53]} 16. b3 {[%clk 0:12:41]} Ne5 {[%clk 0:14:52]} 17. Bb2
{[%clk 0:12:30]} O-O-O {[%clk 0:14:36]} 18. Bxe5 {[%clk 0:12:14]} Bxe5
{[%clk 0:14:36]} 19. Qf3 {[%clk 0:12:00]} Rh7 {[%clk 0:14:34]} 20. b4
{[%clk 0:12:01]} Rdh8 {[%clk 0:12:49]} 21. bxc5 {[%clk 0:11:13]} d5
{[%clk 0:12:53]} 22. Qxd5 {[%clk 0:10:53]} Qxd5 {[%clk 0:12:55]} 23. Bxd5
{[%clk 0:10:57]} Bf5 {[%clk 0:12:50]} 24. f4 {[%clk 0:08:28]} Bc3
{[%clk 0:11:47]} 25. Bxb7+ {[%clk 0:07:15]} Kc7 {[%clk 0:11:39]} 26. Nf3
{[%clk 0:05:49]} Bxe1 {[%clk 0:11:33]} 27. Nxe1 {[%clk 0:05:49]} Rb8
{[%clk 0:11:18]} 28. c6 {[%clk 0:05:40]} Rbh8 {[%clk 0:11:21]} 29. Kf2
{[%clk 0:05:08]} Rh1 {[%clk 0:11:04]} 30. e4 {[%clk 0:04:38]} R8h2+
{[%clk 0:11:07]} 31. Kf3 {[%clk 0:03:43]} Rf1+ {[%clk 0:11:08]} 32. Ke3
{[%clk 0:03:44]} Bg4 {[%clk 0:11:07]} 33. Ba6 {[%clk 0:03:17]} Rxa2
{[%clk 0:10:59]} 34. Bb5 {[%clk 0:02:44]} a6 {[%clk 0:10:48]} 35. Bxa6
{[%clk 0:02:47]} Rxa6 {[%clk 0:10:49]} 36. Rb7+ {[%clk 0:02:50]} Kxc6
{[%clk 0:10:52]} 37. Rxe7 {[%clk 0:02:53]} Rxe1+ {[%clk 0:10:31]} 38. Kd4
{[%clk 0:02:57]} Be6 {[%clk 0:10:26]} 39. f5 {[%clk 0:02:50]} gxf5
{[%clk 0:10:30]} 40. exf5 {[%clk 0:02:53]} Kd6 {[%clk 0:10:33]} 41. Re8
{[%clk 0:02:34]} Kd7 {[%clk 0:10:31]} 42. Rf8 {[%clk 0:02:17]} Ke7
{[%clk 0:10:24]} 43. Rg8 {[%clk 0:02:08]} Bxf5 {[%clk 0:10:26]} 44. Rg5
{[%clk 0:02:04]} Rd6+ {[%clk 0:10:28]} 0-1

[Event "Portugal Open Semirrapidas"]
[Site "Lisboa POR"]
[Date "2020.02.02"]
[Round "6.24"]
[White "VEIGA, Francisco"]
[Black "GUERREIRO, Nuno"]
[Result "1-0"]
[BlackElo "2054"]
[WhiteElo "2370"]
[LiveChessVersion "1.4.8"]

1. e4 {[%clk 0:11:28]} Nc6 {[%clk 0:15:09]} 2. Nf3 {[%clk 0:11:26]} Nf6
{[%clk 0:15:13]} 3. Qe2 {[%clk 0:11:08]} e5 {[%clk 0:14:47]} 4. g3
{[%clk 0:11:07]} Be7 {[%clk 0:14:13]} 5. Bg2 {[%clk 0:11:10]} O-O
{[%clk 0:14:17]} 6. O-O {[%clk 0:11:10]} d6 {[%clk 0:14:18]} 7. d3
{[%clk 0:11:11]} Bg4 {[%clk 0:14:20]} 8. c3 {[%clk 0:11:14]} Qd7 {[%clk 0:14:18]}
9. Nbd2 {[%clk 0:11:10]} Rfe8 {[%clk 0:14:13]} 10. a4 {[%clk 0:11:13]} a5
{[%clk 0:14:05]} 11. Nc4 {[%clk 0:11:14]} Bf8 {[%clk 0:14:02]} 12. Ne3
{[%clk 0:11:16]} Bh3 {[%clk 0:13:53]} 13. Nh4 {[%clk 0:10:53]} Bxg2
{[%clk 0:13:45]} 14. Kxg2 {[%clk 0:10:53]} d5 {[%clk 0:13:41]} 15. Nef5
{[%clk 0:10:21]} dxe4 {[%clk 0:13:30]} 16. dxe4 {[%clk 0:10:24]} Rad8
{[%clk 0:13:32]} 17. Bg5 {[%clk 0:10:24]} Qe6 {[%clk 0:12:46]} 18. Rad1
{[%clk 0:10:25]} h6 {[%clk 0:12:28]} 19. Bxf6 {[%clk 0:09:53]} Qxf6
{[%clk 0:12:31]} 20. Ne3 {[%clk 0:09:34]} Qe6 {[%clk 0:10:36]} 21. Nd5
{[%clk 0:09:31]} Rd7 {[%clk 0:10:24]} 22. Rd3 {[%clk 0:08:50]} Ne7
{[%clk 0:10:02]} 23. Nxe7+ {[%clk 0:08:32]} Bxe7 {[%clk 0:09:12]} 24. Nf5
{[%clk 0:08:28]} Bf8 {[%clk 0:09:07]} 25. Rfd1 {[%clk 0:07:43]} Red8
{[%clk 0:09:04]} 26. Rxd7 {[%clk 0:07:28]} Rxd7 {[%clk 0:09:08]} 27. Rxd7
{[%clk 0:07:27]} Qxd7 {[%clk 0:09:12]} 28. Qc4 {[%clk 0:07:30]} b6
{[%clk 0:08:46]} 29. Qb5 {[%clk 0:04:48]} Qxb5 {[%clk 0:07:53]} 30. axb5
{[%clk 0:04:51]} Bc5 {[%clk 0:07:57]} 31. b3 {[%clk 0:04:21]} h5 {[%clk 0:07:49]}
32. f4 {[%clk 0:04:25]} g6 {[%clk 0:06:44]} 33. Nh4 {[%clk 0:04:26]} Bd6
{[%clk 0:05:45]} 34. Kf3 {[%clk 0:04:24]} Kg7 {[%clk 0:05:43]} 35. Ng2
{[%clk 0:04:26]} Kf6 {[%clk 0:05:03]} 36. Ne3 {[%clk 0:04:29]} Ke6
{[%clk 0:05:04]} 37. f5+ {[%clk 0:04:25]} Kf6 {[%clk 0:04:59]} 38. Nd5+
{[%clk 0:04:27]} Kg5 {[%clk 0:05:02]} 39. fxg6 {[%clk 0:02:44]} fxg6
{[%clk 0:05:06]} 40. h3 {[%clk 0:01:50]} Kh6 {[%clk 0:05:01]} 41. Ne3
{[%clk 0:01:46]} Kg5 {[%clk 0:04:36]} 42. Nc4 {[%clk 0:01:44]} Kf6
{[%clk 0:04:38]} 43. Ke3 {[%clk 0:01:27]} Bc5+ {[%clk 0:04:39]} 44. Kf3
{[%clk 0:01:29]} Bd6 {[%clk 0:04:43]} 45. Ne3 {[%clk 0:01:33]} Ke6
{[%clk 0:04:38]} 46. Nd5 {[%clk 0:01:36]} Kf7 {[%clk 0:04:37]} 47. g4
{[%clk 0:01:38]} Kg7 {[%clk 0:04:14]} 48. Kg3 {[%clk 0:01:10]} Kh6
{[%clk 0:03:54]} 49. Kh4 {[%clk 0:01:13]} Bc5 {[%clk 0:03:15]} 50. Kg3
{[%clk 0:01:16]} Bd6 {[%clk 0:03:17]} 51. Nf6 {[%clk 0:01:17]} Kg5
{[%clk 0:02:59]} 52. Nd5 {[%clk 0:01:15]} Kh6 {[%clk 0:03:03]} 53. Ne3
{[%clk 0:01:17]} Bc5 {[%clk 0:02:46]} 54. Nc4 {[%clk 0:01:20]} Bd6
{[%clk 0:02:49]} 55. Kh4 {[%clk 0:01:17]} Bc5 {[%clk 0:02:50]} 56. Kg3
{[%clk 0:01:16]} Bd6 {[%clk 0:02:53]} 57. Nd2 {[%clk 0:00:56]} Bc5
{[%clk 0:02:44]} 58. Nf3 {[%clk 0:01:00]} Bd6 {[%clk 0:02:48]} 59. Kf2
{[%clk 0:01:04]} Kg7 {[%clk 0:02:49]} 60. Ke3 {[%clk 0:01:08]} Kf7
{[%clk 0:02:53]} 61. Kd3 {[%clk 0:01:10]} Ke6 {[%clk 0:02:44]} 62. Ng5+
{[%clk 0:01:14]} Kf6 {[%clk 0:02:47]} 63. Nf3 {[%clk 0:01:19]} Ke6
{[%clk 0:02:49]} 64. Kc4 {[%clk 0:01:23]} Be7 {[%clk 0:02:51]} 65. Ne1
{[%clk 0:01:12]} Bc5 {[%clk 0:02:50]} 66. Ng2 {[%clk 0:01:05]} Bf2
{[%clk 0:02:46]} 67. Kd3 {[%clk 0:01:05]} Kd6 {[%clk 0:02:44]} 68. Ke2
{[%clk 0:01:03]} Bg1 {[%clk 0:02:33]} 69. Nh4 {[%clk 0:01:07]} hxg4
{[%clk 0:02:14]} 70. hxg4 {[%clk 0:01:10]} g5 {[%clk 0:02:07]} 71. Nf3
{[%clk 0:01:08]} Bc5 {[%clk 0:02:11]} 72. Nxg5 {[%clk 0:00:51]} Ba3
{[%clk 0:02:09]} 73. Nf3 {[%clk 0:00:44]} Bc1 {[%clk 0:02:09]} 74. Kd3
{[%clk 0:00:45]} Bf4 {[%clk 0:02:08]} 75. Kc4 {[%clk 0:00:46]} Be3
{[%clk 0:02:08]} 76. g5 {[%clk 0:00:41]} Ke6 {[%clk 0:02:07]} 77. g6
{[%clk 0:00:45]} Bf4 {[%clk 0:01:51]} 78. g7 Kf7 79. Kd5 {[%clk 0:00:45]} Kxg7
{[%clk 0:02:00]} 80. Nxe5 {[%clk 0:00:43]} Kf6 {[%clk 0:02:01]} 81. Nc4
{[%clk 0:00:41]} Ke7 {[%clk 0:02:02]} 82. Nb2 {[%clk 0:00:39]} Kd7
{[%clk 0:01:51]} 83. Nd3 {[%clk 0:00:42]} Bd2 {[%clk 0:01:51]} 84. c4
{[%clk 0:00:40]} Bc3 {[%clk 0:01:55]} 85. Ne5+ {[%clk 0:00:39]} Ke7
{[%clk 0:01:52]} 86. Nc6+ {[%clk 0:00:43]} Kd7 {[%clk 0:01:56]} 87. e5
{[%clk 0:00:46]} Bb2 {[%clk 0:01:59]} 88. Nd4 {[%clk 0:00:46]} Ba3
{[%clk 0:01:56]} 89. Nf5 {[%clk 0:00:40]} Bf8 {[%clk 0:01:56]} 90. e6+
{[%clk 0:00:44]} Ke8 {[%clk 0:01:56]} 91. Ke4 1-0

[Event "Portugal Open Semirrapidas"]
[Site "Lisboa POR"]
[Date "2020.02.02"]
[Round "6.25"]
[White "FERNANDES, Alvaro"]
[Black "LOFFNER, Stefan"]
[Result "0-1"]
[BlackElo "2411"]
[WhiteElo "1881"]
[LiveChessVersion "1.4.8"]

1. d4 {[%clk 0:14:35]} e6 {[%clk 0:15:08]} 2. Nf3 {[%clk 0:14:29]} c5
{[%clk 0:15:11]} 3. e3 {[%clk 0:14:27]} Nf6 {[%clk 0:15:10]} 4. Bd3
{[%clk 0:14:04]} a6 {[%clk 0:15:03]} 5. a4 {[%clk 0:14:05]} b6 {[%clk 0:14:45]}
6. O-O {[%clk 0:14:07]} Bb7 {[%clk 0:14:49]} 7. c3 {[%clk 0:13:45]} d5
{[%clk 0:14:35]} 8. Nbd2 {[%clk 0:13:09]} Nbd7 {[%clk 0:14:38]} 9. Ne5
{[%clk 0:12:52]} g6 {[%clk 0:11:42]} 10. f4 {[%clk 0:11:52]} Bg7 {[%clk 0:11:45]}
11. Ndf3 {[%clk 0:09:53]} O-O {[%clk 0:11:43]} 12. Qe1 {[%clk 0:09:19]} Ne4
{[%clk 0:11:43]} 13. Bxe4 {[%clk 0:09:12]} dxe4 {[%clk 0:11:45]} 14. Nd2
{[%clk 0:08:59]} Rc8 {[%clk 0:10:59]} 15. b3 {[%clk 0:08:41]} Nb8
{[%clk 0:07:45]} 16. Ba3 {[%clk 0:08:31]} f6 {[%clk 0:07:38]} 17. Ng4
{[%clk 0:08:23]} h5 {[%clk 0:07:24]} 18. Nf2 {[%clk 0:08:27]} f5 {[%clk 0:07:28]}
19. Nh3 {[%clk 0:08:10]} Bf6 {[%clk 0:07:15]} 20. Qg3 {[%clk 0:07:59]} Rf7
{[%clk 0:06:35]} 21. Rad1 {[%clk 0:07:30]} cxd4 {[%clk 0:06:32]} 22. cxd4
{[%clk 0:07:25]} Rg7 {[%clk 0:06:14]} 23. Rc1 {[%clk 0:07:18]} Bh4
{[%clk 0:05:59]} 24. Rxc8 {[%clk 0:06:24]} Bxc8 {[%clk 0:06:02]} 0-1

[Event "Portugal Open Semirrapidas"]
[Site "Lisboa POR"]
[Date "2020.02.02"]
[Round "6.26"]
[White "GUIA, Artur"]
[Black "GAHAN, M G"]
[Result "1-0"]
[BlackElo "2292"]
[WhiteElo "1861"]
[LiveChessVersion "1.4.8"]

1. d4 {[%clk 0:15:08]} Nf6 {[%clk 0:15:09]} 2. Bg5 {[%clk 0:15:12]} Ne4
{[%clk 0:15:13]} 3. Bf4 {[%clk 0:15:15]} d5 {[%clk 0:15:17]} 4. e3
{[%clk 0:15:16]} c5 {[%clk 0:15:22]} 5. Bd3 {[%clk 0:15:19]} Qb6 {[%clk 0:15:26]}
6. Bxe4 {[%clk 0:14:47]} dxe4 {[%clk 0:15:29]} 7. Nc3 {[%clk 0:14:37]} cxd4
{[%clk 0:15:33]} 8. exd4 {[%clk 0:14:17]} Qxb2 {[%clk 0:15:36]} 9. Nxe4
{[%clk 0:14:19]} Bf5 {[%clk 0:15:35]} 10. f3 {[%clk 0:14:08]} Nc6
{[%clk 0:15:19]} 11. Ne2 {[%clk 0:13:50]} Bxe4 {[%clk 0:14:55]} 12. fxe4
{[%clk 0:13:53]} e5 {[%clk 0:14:49]} 13. Bxe5 {[%clk 0:13:19]} Nxe5
{[%clk 0:14:48]} 14. dxe5 {[%clk 0:13:22]} Rd8 {[%clk 0:14:37]} 15. Qb1
{[%clk 0:13:11]} Qxe5 {[%clk 0:14:20]} 16. O-O {[%clk 0:12:54]} Bc5+
{[%clk 0:14:23]} 17. Kh1 {[%clk 0:12:50]} Bd6 {[%clk 0:13:41]} 18. Ng3
{[%clk 0:12:15]} Rd7 {[%clk 0:13:41]} 19. Qb3 {[%clk 0:12:09]} O-O
{[%clk 0:13:42]} 20. Rad1 {[%clk 0:11:44]} Rfd8 {[%clk 0:12:23]} 21. Rd5
{[%clk 0:10:40]} Qe6 {[%clk 0:12:23]} 22. Rfd1 {[%clk 0:09:14]} h6
{[%clk 0:11:44]} 23. Qd3 {[%clk 0:08:08]} Rc8 {[%clk 0:10:25]} 24. Rxd6
{[%clk 0:08:01]} Rxd6 {[%clk 0:10:28]} 25. Qxd6 {[%clk 0:08:05]} Qxd6
{[%clk 0:10:15]} 26. Rxd6 {[%clk 0:08:08]} Rxc2 {[%clk 0:10:19]} 27. Kg1
{[%clk 0:08:03]} Rxa2 {[%clk 0:10:21]} 28. Rd8+ {[%clk 0:08:01]} Kh7
{[%clk 0:10:25]} 29. Rd7 {[%clk 0:08:05]} b5 {[%clk 0:10:19]} 30. Rxf7
{[%clk 0:08:08]} Kg6 {[%clk 0:10:19]} 31. Rb7 {[%clk 0:08:12]} a6
{[%clk 0:10:16]} 32. Nf5 {[%clk 0:06:58]} Ra4 {[%clk 0:10:18]} 33. Rxg7+
{[%clk 0:06:38]} Kf6 {[%clk 0:10:22]} 34. Rb7 {[%clk 0:06:14]} Rxe4
{[%clk 0:10:26]} 35. Nxh6 {[%clk 0:06:12]} Ra4 {[%clk 0:10:15]} 36. Ng8+
{[%clk 0:05:38]} Kg6 {[%clk 0:10:17]} 37. Ne7+ {[%clk 0:05:41]} Kg5
{[%clk 0:10:20]} 38. Nd5 {[%clk 0:05:31]} Ra1+ {[%clk 0:10:13]} 39. Kf2
{[%clk 0:05:33]} Ra2+ {[%clk 0:10:17]} 40. Kf3 {[%clk 0:05:15]} Kf5
{[%clk 0:09:56]} 41. Ne3+ {[%clk 0:04:50]} Kg5 {[%clk 0:09:56]} 42. h3
{[%clk 0:04:32]} Rb2 {[%clk 0:09:59]} 43. g3 {[%clk 0:04:26]} a5 {[%clk 0:10:00]}
44. h4+ {[%clk 0:04:29]} Kf6 {[%clk 0:10:02]} 45. g4 {[%clk 0:04:17]} a4
{[%clk 0:10:06]} 46. Ra7 {[%clk 0:03:45]} Rb3 {[%clk 0:10:08]} 47. g5+
{[%clk 0:03:32]} Kg6 {[%clk 0:10:12]} 48. Ra6+ {[%clk 0:03:31]} Kf7
{[%clk 0:10:16]} 49. h5 {[%clk 0:02:55]} a3 {[%clk 0:10:19]} 50. g6+
{[%clk 0:02:50]} Kg7 {[%clk 0:10:22]} 51. Kf4 {[%clk 0:02:54]} Kh6
{[%clk 0:09:55]} 52. Nf5+ {[%clk 0:02:47]} Kxh5 {[%clk 0:09:59]} 53. g7
{[%clk 0:02:51]} Rb4+ {[%clk 0:10:03]} 54. Ke5 {[%clk 0:02:51]} a2
{[%clk 0:09:43]} 55. g8=Q {[%clk 0:02:44]} 1-0